000 00262nam a22001217a 4500
008 180920b xxu||||| |||| 00| 0 eng d
041 _aeng
080 _227th
_a610
100 _a3
101 _aSHM
245 _aMedical Dictionary
_cStedman's
942 _2udc
_cBK
999 _c48117
_d48117